BIBLIOTECA PODER JUDICIAL
Portal Judicial TDF

Régimen laboral agrario / (Registro nro. 1031)

000 -LEADER
fixed length control field 00992nam a22002777a 4500
003 - CONTROL NUMBER IDENTIFIER
control field OSt
005 - DATE AND TIME OF LATEST TRANSACTION
control field 20191029062629.0
008 - FIXED-LENGTH DATA ELEMENTS--GENERAL INFORMATION
fixed length control field 180305b xxu||||| |||| 00| 0 spa d
040 ## - CATALOGING SOURCE
Transcribing agency PJ
100 ## - ASIENTO PRINCIPAL - NOMBRE DE PERSONA
9 (RLIN) 1376
Personal name Capón Filas, Rodolfo E.
245 10 - MENCIÓN DE TÍTULO
Título propiamente dicho Régimen laboral agrario /
Mención de responsabilidad, etc Rodolfo E. Capón Filas, Manuel Jose L. Candelero.
260 ## - PUBLICATION, DISTRIBUTION, ETC. (IMPRINT)
Place of publication, distribution, etc La Plata :
Name of publisher, distributor, etc Lep,
Date of publication, distribution, etc 1981.
300 ## - DESCRIPCION FISICA
Extent 351 p.
Dimensions 23 cm.
490 ## - MENCION DE SERIE
Mención de Serie Legislación
Designación numérica/secuencial del volumen IX
505 ## - FORMATTED CONTENTS NOTE
Formatted contents note Contenido:<br/>Comentarios -- Jurisprudencia -- Legislación concordada -- Fallos plenarios -- Modelos.
650 #0 - ASIENTO SECUNDARIO DE MATERIA - TERMINO TEMATICO
9 (RLIN) 1316
Topical term or geographic name as entry element DERECHO LABORAL
650 #0 - ASIENTO SECUNDARIO DE MATERIA - TERMINO TEMATICO
9 (RLIN) 1338
Topical term or geographic name as entry element DERECHO COLECTIVO DEL TRABAJO
650 #0 - ASIENTO SECUNDARIO DE MATERIA - TERMINO TEMATICO
Topical term or geographic name as entry element CONDICIONES DE TRABAJO
9 (RLIN) 1319
650 #0 - ASIENTO SECUNDARIO DE MATERIA - TERMINO TEMATICO
9 (RLIN) 1364
Topical term or geographic name as entry element TRABAJADORES RURALES
653 ## - INDEX TERM--UNCONTROLLED
Uncontrolled term LEY 22.248
653 ## - INDEX TERM--UNCONTROLLED
Uncontrolled term LEY 22.163
700 ## - ADDED ENTRY--PERSONAL NAME
9 (RLIN) 1505
Personal name Candelero, Manuel Jose L.
710 ## - ASIENTO SECUNDARIO - NOMBRE CORPORATIVO
Corporate name or jurisdiction name as entry element Argentina. Leyes, decretos, etc. Ley nº 22.248
710 ## - ASIENTO SECUNDARIO - NOMBRE CORPORATIVO
Corporate name or jurisdiction name as entry element Argentina. Leyes, decretos, etc. Ley nº 22.163
942 ## - ADDED ENTRY ELEMENTS (KOHA)
Source of classification or shelving scheme
Koha item type Libros
Classification part 349.22
Item part CAP
Existencias
Withdrawn status Lost status Source of classification or shelving scheme Damaged status Not for loan Permanent Location Current Location Date acquired Full call number Barcode Date last seen Price effective from Koha item type
          Biblioteca Poder Judicial Norte Biblioteca Poder Judicial Norte 2018-07-18 349.22 CAP RG 4026 2024-12-01 2018-07-18 Libros
          Biblioteca Poder Judicial Sur Biblioteca Poder Judicial Sur 2018-07-18 349.22 CAP 1273 2018-07-18 2018-07-18 Libros

12 de Octubre 789 Ushuaia - Tel:  54(02901)441571
Horario de Atención: 8.00 a 17.00 hs. 
bibliotecaush@justierradelfuego.gov.ar
koha@justierradelfuego.gov.ar
Seguinos en nuestras redes @bibliojustdf 

Con tecnología Koha